Carls by Picture - Statistics

General Stats
  • This quiz has been taken 32 times
  • The average score is 5 of 10
Answer Stats
Picture Hint Answer % Correct
Karl Marx
97%
Carl Sagan
61%
Carl Lewis
58%
Carl Weathers
48%
Karl Malone
45%
(psychiatrist) Carl Jung
42%
Karl Lagerfeld
42%
Karl Urban
29%
Carl Reiner
16%
Carl Linnaeus
13%
No matching quizzes found
Score Distribution
Percent of People with Each Score
Percentile by Number Answered
Your Score History
You have not taken this quiz